| 000 | 00660nam a2200181 i 4500 | ||
|---|---|---|---|
| 001 | 62056 | ||
| 003 | ES-MaACL | ||
| 005 | 20251105063130.0 | ||
| 007 | t| | ||
| 008 | 031117m19211926sp ||||1| spa d | ||
| 100 | 1 |
_aFaura i Sans, M., _d1883-1941 _948954 |
|
| 245 | 1 | 0 |
_aSinopsis mineral y paleontológica de España / _cpor M. Faura y Sans. |
| 260 |
_aMadrid : _bEspasa-Calpe, _c1921-1926 ( _fTall. Espasa Calpe) |
||
| 300 |
_a32 p. ; _c25 cm. |
||
| 500 | _aEs tirada aparte de la Encíclopedia Universal Ilustrada Espasa. Vols. XXI, España, pág. 122, 1921 y LVI págs. 663 a 691-1926. | ||
| 852 |
_aES-MaACL _j1726-F-3 |
||
| 999 |
_c62056 _d62056 |
||